[Event "Centrocoop op"]
[Site "Eforie Nord"]
[Date "1997.??.??"]
[Round "?"]
[White "Macri, Pasquale"]
[Black "Afanasiev, Vadim"]
[Result "0-1"]
[WhiteElo "1755"]
[BlackElo "2310"]
[PlyCount "125"]
[EventDate "1997.??.??"]
[EventType "swiss"]
[EventRounds "11"]
[EventCountry "ROU"]
[SourceTitle "EXT 2010"]
[Source "ChessBase"]
[SourceDate "2010.11.25"]
[SourceVersion "1"]
[SourceVersionDate "2010.11.25"]
[SourceQuality "1"]

1. d4 Nf6 2. c4 c5 3. d5 b5 4. Nf3 bxc4 5. Nc3 g6 6. e4 d6 7. Bxc4 Bg7 8. 0-0 0-0 9. Re1 Bg4 10. h3 Bxf3 11. Qxf3 Nbd7 12. Bf1 Rb8 13. Qe2 Qb6 14. a4 Rfe8 15. a5 Qb7 16. Qa6 Qxa6 17. Bxa6 e6 18. dxe6 Rxe6 19. Bc4 Re7 20. Ra2 Ne5 21. Bf1 Nc6 22. Bf4 Rd8 23. Bg5 Nb4 24. Ra4 h6 25. Bd2 Nc2 26. Rd1 Nd4 27. f3 Rb7 28. Bc1 Nh7 29. Ba6 Rbb8 30. Bc4 Nf8 31. Nd5 Nfe6 32. b4 g5 33. bxc5 dxc5 34. Be3 Be5 35. Kf1 Kg7 36. Ne7 Nc2 37. Nf5+ Kf6 38. Bd5 Ng7 39. Bf2 Nxf5 40. exf5 Bd4 41. Be4 Ne3+ 42. Bxe3 Bxe3 43. Rxd8 Rxd8 44. Ke2 Bd4 45. a6 Rb8 46. Ra2 Rb3 47. Bd3 h5 48. Rc2 h4 49. Rc1 Ke5 50. Kd2 Kf4 51. Rc2 f6 52. Be4 Ra3 53. Bd3 Ra1 54. Bb5 Kxf5 55. Kd3 Rb1 56. Bd7+ Ke5 57. Re2+ Kd5 58. Bf5 Be5 59. Kc2 Rb4 60. Kd3 c4+ 61. Kc2 Kc5 62. Be4 Ra4 63. Bb7 0-1

[Event "Moscow-ch"]
[Site "Moscow"]
[Date "1996.??.??"]
[Round "1"]
[White "Afanasiev, Vadim"]
[Black "Baikov, Vladimir A"]
[Result "1-0"]
[WhiteElo "2295"]
[BlackElo "2470"]
[PlyCount "67"]
[EventDate "1996.08.??"]
[EventType "swiss"]
[EventRounds "11"]
[EventCountry "RUS"]
[SourceTitle "CBM 055 Extra"]
[Source "ChessBase"]
[SourceDate "1997.01.01"]
[SourceVersion "1"]
[SourceVersionDate "1997.01.01"]
[SourceQuality "1"]

1. d4 Nf6 2. c4 g6 3. Nc3 d5 4. cxd5 Nxd5 5. e4 Nxc3 6. bxc3 Bg7 7. Bb5+ Bd7 8. Be2 c5 9. Nf3 Bc6 10. Qd3 e6 11. 0-0 0-0 12. Rb1 cxd4 13. cxd4 f5 14. Ng5 Qxd4 15. Qh3 h6 16. Nxe6 Qxe4 17. Nxf8 Bxf8 18. Bd3 Qd5 19. Bc2 Kh7 20. Bb3 Qe4 21. Bb2 Bb4 22. Rbd1 Na6 23. Bf6 Nc5 24. Rd4 Qe2 25. Bc4 Qh5 26. Rh4 Qxh4 27. Qxh4 Ne4 28. Bb2 Bc5 29. Qf4 Re8 30. Bc1 Bf8 31. h4 Bg7 32. h5 Ng5 33. hxg6+ Kh8 34. Qd6 1-0

[Event "Moscow-ch"]
[Site "Moscow"]
[Date "1996.??.??"]
[Round "10"]
[White "Afanasiev, Vadim"]
[Black "Kuznetsov, Lev"]
[Result "1-0"]
[WhiteElo "2295"]
[BlackElo "2265"]
[PlyCount "45"]
[EventDate "1996.08.??"]
[EventType "swiss"]
[EventRounds "11"]
[EventCountry "RUS"]
[SourceTitle "CBM 055 Extra"]
[Source "ChessBase"]
[SourceDate "1997.01.01"]
[SourceVersion "1"]
[SourceVersionDate "1997.01.01"]
[SourceQuality "1"]

1. d4 d5 2. c4 c6 3. cxd5 cxd5 4. Nf3 Nf6 5. Nc3 Nc6 6. Ne5 Bf5 7. Bf4 Nh5 8. e3 Nxf4 9. exf4 e6 10. Bb5 Rc8 11. Qa4 Qb6 12. g4 Be4 13. f3 a6 14. Bxc6+ bxc6 15. 0-0-0 Bg6 16. f5 exf5 17. Rhe1 Kd8 18. gxf5 Bh5 19. Kb1 Bb4 20. Nxd5 Qa5 21. Nxc6+ Rxc6 22. Qxc6 Bxe1 23. Rc1 1-0

[Event "Moscow-ch"]
[Site "Moscow"]
[Date "1996.??.??"]
[Round "2"]
[White "Castaneda, Georgui"]
[Black "Afanasiev, Vadim"]
[Result "1/2-1/2"]
[WhiteElo "2395"]
[BlackElo "2295"]
[PlyCount "97"]
[EventDate "1996.08.??"]
[EventType "swiss"]
[EventRounds "11"]
[EventCountry "RUS"]
[SourceTitle "CBM 055 Extra"]
[Source "ChessBase"]
[SourceDate "1997.01.01"]
[SourceVersion "1"]
[SourceVersionDate "1997.01.01"]
[SourceQuality "1"]

1. d4 Nf6 2. c4 c5 3. d5 b5 4. cxb5 a6 5. bxa6 Bxa6 6. Nc3 d6 7. e4 Bxf1 8. Kxf1 g6 9. g3 Bg7 10. Kg2 0-0 11. Nf3 Nbd7 12. Re1 Ra6 13. h3 Qa8 14. Re2 e6 15. Bg5 h6 16. Bxf6 Nxf6 17. dxe6 fxe6 18. Qd3 g5 19. Rd1 Kh8 20. Qc4 Qb7 21. Red2 d5 22. exd5 exd5 23. Qxc5 Ne4 24. Qxd5 Qxd5 25. Rxd5 Bxc3 26. bxc3 Rxa2 27. Rf1 Nxc3 28. Rd6 Kg7 29. Re1 Re2 30. Rd7+ Rf7 31. Rxf7+ Kxf7 32. Ne5+ Kg7 33. Rxe2 Nxe2 34. Kf3 Nc3 35. Nc4 Kf6 36. Nd2 Kf5 37. Nc4 h5 38. Nd6+ Ke5 39. Ne8 Kf5 40. Ng7+ Kg6 41. Ne6 Kf5 42. Nd4+ Ke5 43. Nc2 Kf5 44. Ne3+ Ke5 45. Kg2 Ke4 46. Nf1 Nd5 47. f3+ Kf5 48. Kf2 Ke5 49. Ne3 1/2-1/2